A könyvvizsgálat folyamatának, valamint a kiválasztott könyvvizsgálati módszereknek a bemutatása

Bibliographic Details
Main Author: Reszler Evelin
Other Authors: Kardos Dr. Barbara
Format: Thesis
Kulcsszavak:Könyvvizsgálat
Követelések
Kötelezettségek
Online Access:http://dolgozattar.uni-bge.hu/18727

MARC

LEADER 00000nta a2200000 i 4500
001 dolg18727
005 20181212085058.0
008 181212suuuu hu om 000 hun d
040 |a BGE Dolgozattár Repozitórium  |b hun 
041 |a hu 
100 1 |a Reszler Evelin 
245 1 2 |a A könyvvizsgálat folyamatának, valamint a kiválasztott könyvvizsgálati módszereknek a bemutatása  |c Reszler Evelin  |h [elektronikus dokumentum] 
695 |a Könyvvizsgálat 
695 |a Követelések 
695 |a Kötelezettségek 
700 1 |a Kardos Dr. Barbara  |e ths 
856 4 0 |u http://dolgozattar.uni-bge.hu/18727/1/Reszler%20Evelin%20SZAKDOLGOZAT%20KESZ.pdf  |z Dokumentum-elérés 
856 4 0 |u http://dolgozattar.uni-bge.hu/18727/2/titkositas.pdf  |z Dokumentum-elérés